000 00324nam a22001337a 4500
008 160526b xxu||||| |||| 00| 0 eng d
020 _a9780781771559
020 _a9780781771559
020 _a0781771552
041 _aeng
080 _a615
245 _aPharmacology:
_cRichaed A. Harvey; Pamela C. hampe;
942 _2udc
_cBK
999 _c2429
_d2429